[Event "19th Prague Open-A 2020"]
[Site "Prague"]
[Date "2020.01.13"]
[Round "5.3"]
[White "Vokac, Marek"]
[Black "Cernousek, Lukas"]
[Result "1/2-1/2"]
[WhiteElo "2334"]
[BlackElo "2447"]
[Annotator "TA"]
[PlyCount "30"]
[EventDate "2020.01.10"]
[EventType "swiss"]
[EventCountry "CZE"]
[SourceTitle "playchess.com"]
[Source "ChessBase"]
[SourceQuality "1"]

{[%evp 16,30,0,0,0,0,0,0,15,11,17,12,31,0,4,13,56]} 1. c4 c5 2. Nc3 g6 3. g3 Bg7 4. Bg2 Nc6 5. e4 e6 6. Nge2 Nge7 7. d3 O-O 8. O-O d6 9. a3 b6 {A36: Symmetrical English vs ...g6: 4 Bg2 Bg7} (9... Nd4 10. Rb1 b6 11. e5 Nxe2+ 12. Qxe2 Rb8 13. exd6 Nf5 14. Be3 Nxe3 15. fxe3 Qxd6 16. Ne4 Qe7 17. b4 Bb7 18. b5 {½-½ (56) Maghsoodloo,P (2656)-Santos Latasa,J (2594) Leon 2019}) 10. b4 Bb7 11. b5 $146 ({Predecessor:} 11. Rb1 Rb8 12. Bf4 Nd4 13. Nxd4 cxd4 14. Ne2 Qd7 15. b5 f5 16. f3 Ra8 17. Qb3 Kh8 18. Bc1 fxe4 19. fxe4 Rxf1+ 20. Bxf1 {1-0 (49) Musalov,R (2371)-Golubov,S (2227) Taganrog 2013}) 11... Nd4 12. Nxd4 Bxd4 13. Qb3 Bg7 14. Ra2 Qd7 15. a4 Rad8 1/2-1/2

[Event "19th Prague Open-A 2020"]
[Site "Prague"]
[Date "2020.01.13"]
[Round "5.4"]
[White "Sharma Isha"]
[Black "Liu, Zhaoqi"]
[Result "1/2-1/2"]
[WhiteElo "2169"]
[BlackElo "2328"]
[Annotator "TA"]
[PlyCount "88"]
[EventDate "2020.01.10"]
[EventType "swiss"]
[EventCountry "CZE"]
[SourceTitle "playchess.com"]
[Source "ChessBase"]
[SourceQuality "1"]

{[%evp 19,88,12,5,-33,-19,-19,-21,-122,-127,-128,-116,-125,-120,-104,-77,-66,-58,-56,-68,-68,-30,-44,-40,-46,-45,-54,-32,-41,-12,-34,-23,-34,-28,-65,-66,-109,-98,-68,-40,-63,-33,-163,-174,-164,-160,-159,-162,-181,-177,-177,-162,-156,-68,-62,-13,-23,-15,-23,-8,-8,-5,-5,-2,-107,0,0,0,-21,0,8,16]} 1. e4 e6 2. d4 d5 3. Nd2 Be7 4. Ngf3 Nf6 5. Bd3 c5 6. e5 Nfd7 7. c3 a5 8. O-O Nc6 9. Re1 cxd4 10. cxd4 Qb6 11. Qa4 {C06: French Tarrasch: 3...Nf6 4 e5 Nfd7 5 Bd3 main lines} (11. a4 Nxd4 12. Nxd4 Qxd4 13. Nf3 Qb6 14. Be3 Nc5 15. Bb5+ Bd7 16. Nd4 Bxb5 17. Nxb5 O-O 18. Qg4 Rfc8 {0-1 (33) Naroditsky,D (2631)-So,W (2779) ICC INT 2015}) 11... g5 12. h3 h5 13. Nb3 (13. g4 $1 $11 {remains equal.}) 13... g4 $17 14. hxg4 $146 ({Predecessor:} 14. Ng5 Qc7 15. Nc5 Bxc5 16. dxc5 Nxc5 17. Qd1 Nxd3 18. Qxd3 Nb4 {0-1 (39) Pielmeier,T (2181)-Kraemer,E (2121) Germany 2012}) 14... hxg4 15. Nh2 g3 16. Nf3 Nb4 17. Bb1 Qa6 {[#] Strongly threatening ...gxf2+.} 18. Nbd2 gxf2+ 19. Kxf2 Nd3+ 20. Bxd3 $1 Qxd3 21. Nf1 b5 22. Qd1 Qxd1 23. Rxd1 Nb6 24. Bf4 Ba6 25. Rac1 Kd7 26. Rc2 Rac8 $36 {[%mdl 2048] Black has good play.} 27. Rdc1 Rxc2+ 28. Rxc2 Rg8 29. Ne3 b4 30. Nd2 (30. Nf5 $1 $15 Bd8 31. Nh6) 30... Bd3 31. Rc1 a4 32. Kf3 Bg6 33. g4 Nc8 34. Ng2 {[#]} Na7 $1 35. Be3 Nc6 (35... Rc8 $17 36. Rxc8 Kxc8) 36. Nf4 $15 Bd8 37. Nxg6 Rxg6 38. Kg3 f5 39. exf6 $1 Bxf6 40. Nf3 e5 {[%cal Rc6d4]} 41. Rd1 (41. g5 $11) 41... exd4 (41... e4 $17 42. Nh4 Bxh4+ 43. Kxh4 Rf6) 42. Bf4 $11 {The position is equal.} Rg8 43. g5 Ne7 44. Kg4 Bg7 {Accuracy: White = 50%, Black = 45%.} 1/2-1/2

[Event "19th Prague Open-A 2020"]
[Site "Prague"]
[Date "2020.01.13"]
[Round "5.5"]
[White "Kakushadze, Ilia"]
[Black "Budnikov, Oleg"]
[Result "0-1"]
[WhiteElo "2149"]
[BlackElo "2432"]
[Annotator "TA"]
[PlyCount "92"]
[EventDate "2020.01.10"]
[EventType "swiss"]
[EventCountry "CZE"]
[SourceTitle "playchess.com"]
[Source "ChessBase"]
[SourceQuality "1"]

{[%evp 15,92,53,54,39,46,27,83,72,120,47,104,5,4,4,6,25,12,9,0,-86,39,36,58,49,90,42,37,-54,-54,-88,-95,-129,-130,-126,-107,-146,-121,-191,-192,-191,-196,-178,-180,-168,-120,-130,-60,-59,-62,-763,-763,-754,-728,-707,-688,-854,-507,-807,-813,-818,-837,-806,-803,-748,-680,-809,-176,-940,-921,-29976,-29977,-29977,-29978,-6705,-3083,-29990,-1508,-29988,-29989]} 1. e4 e6 2. d4 d5 3. Nd2 Nf6 4. e5 Nfd7 5. Bd3 c5 6. c3 Nc6 7. Ngf3 f6 8. exf6 Qxf6 {[%cal Rc5d4]} 9. O-O {C06: French Tarrasch: 3...Nf6 4 e5 Nfd7 5 Bd3 main lines} Bd6 10. Re1 h6 (10... cxd4 $11 11. cxd4 O-O) 11. Qe2 $16 {White is better.} Kf7 $146 ({Predecessor:} 11... Nb6 12. dxc5 Bxc5 13. a4 a5 14. Nb3 Bd6 15. Qe3 Bc7 16. Nbd4 Nxd4 17. Nxd4 {1-0 (49) Anurag,M (2490)-Girinath,P (2330) Majitar 2019}) 12. Nh4 (12. Nf1 $16) 12... Nf8 (12... cxd4 $14 13. Bg6+ Ke7) 13. Ndf3 (13. dxc5 $16 Bxc5 14. Nhf3) 13... cxd4 $11 14. cxd4 Kg8 15. g3 $1 Bd7 16. Ng2 Be8 17. Bf4 {[#]} (17. Qe3 $11 {remains equal.}) 17... Bb4 (17... Bxf4 $1 $17 18. gxf4 (18. Nxf4 $2 g5 $19) 18... Bh5) 18. Be5 $1 $14 {[%cal Re5f6]} Qe7 19. Rec1 Ng6 20. a3 {aiming for Bxg6.} Ngxe5 21. Nxe5 (21. dxe5 $14 Bc5 22. Bb5) 21... Nxd4 $15 22. Qg4 Bc5 23. Nf4 h5 24. Qd1 {Hoping for Neg6.} Rh6 25. Rc3 Bb6 {Threatens to win with ...g5.} 26. Rac1 (26. Qd2 $17) 26... Nc6 $19 27. Nxc6 bxc6 28. Rxc6 Bxc6 29. Rxc6 Rf8 {...Bxf2+! is the strong threat.} 30. Ng6 Rxg6 ({Don't do} 30... Bxf2+ 31. Kg2 $15) ({Better is} 30... Qf6 $17 31. Nxf8 Qxf2+ 32. Kh1 Kxf8) 31. Bxg6 $15 Qf6 {[%mdl 64] Double Attack} ({Much weaker is} 31... Bxf2+ $6 32. Kg2 $14) 32. Qc2 $2 {[%mdl 8192]} (32. Bxh5 $15 Qxf2+ 33. Kh1) 32... Bxf2+ $19 33. Kg2 Qf3+ 34. Kh3 Bd4 35. Qd3 Qg4+ 36. Kg2 e5 37. Rc2 h4 38. h3 Qg5 {And now ...e4 would win.} 39. g4 Qf4 {( -> ...e4)} 40. Bf5 {[#]} Kh8 $2 (40... g6 $1 {[%mdl 512]} 41. Qf3 (41. Bxg6 e4) 41... Qxf3+ 42. Kxf3 gxf5 43. gxf5 Rxf5+ 44. Kg4 Rf4+ 45. Kg5 Kf7) 41. a4 $2 {[#]} (41. Qf3) 41... g6 $1 {[%mdl 512]} 42. Bxg6 Be3 43. Bf5 Qg3+ 44. Kf1 e4 45. Qa6 Qg1+ 46. Ke2 d4 {Accuracy: White = 32%, Black = 52%.} 0-1

[Event "19th Prague Open-A 2020"]
[Site "Prague"]
[Date "2020.01.13"]
[Round "5.6"]
[White "Low, Zhen Yu Cyrus"]
[Black "Riha, Vojtech"]
[Result "1-0"]
[WhiteElo "2415"]
[BlackElo "2247"]
[Annotator "TA"]
[PlyCount "129"]
[EventDate "2020.01.10"]
[EventType "swiss"]
[EventCountry "CZE"]
[SourceTitle "playchess.com"]
[Source "ChessBase"]
[SourceQuality "1"]

{[%evp 9,129,18,45,16,22,18,22,21,39,12,14,14,10,19,81,30,77,61,70,50,83,72,91,93,95,86,83,80,98,104,109,96,98,100,186,116,144,83,80,84,128,96,148,143,131,118,156,178,250,258,271,273,277,275,405,325,411,390,465,364,340,350,333,245,353,324,322,322,368,350,374,359,408,417,481,479,542,536,529,459,548,516,582,571,576,579,614,593,612,599,642,622,602,601,718,739,702,712,756,754,756,731,804,805,782,762,662,639,692,682,1231,1202,29982,29982,29984,29985,29985,29986,29986,29987,29989,29990]} 1. e4 c5 2. Nc3 Nc6 3. Bb5 g6 4. Bxc6 dxc6 5. d3 e5 6. Be3 {B23: Closed Sicilian: Lines without g3} Qe7 7. Qd2 Nf6 8. h3 {The position is equal.} Be6 9. b3 $146 ({Predecessor:} 9. Nge2 c4 10. f4 cxd3 11. cxd3 exf4 12. Nxf4 Bg7 13. O-O O-O-O 14. Rad1 c5 15. Rf3 b6 {½-½ (15) Tissir,M (2439)-Mecking,H (2554) Lodi 2006}) 9... h6 10. Nge2 Bg7 11. O-O g5 (11... Nh5 $11) 12. a3 (12. Ng3 $16) 12... O-O 13. Ng3 Rfd8 14. Qe2 b6 15. Bd2 Qd7 16. Nd1 Ne8 17. Bc3 Nd6 18. a4 a5 19. Ne3 f6 20. Kh2 Ra7 21. Nh5 Qf7 (21... Rf8 $16) 22. Qf3 (22. g3 $1 $18) 22... Qg6 23. Ng3 (23. Rh1 $142) 23... Rf7 $16 24. Rab1 Kh7 25. Nc4 g4 {[#]} (25... Rb7 $142) 26. Qe2 $1 h5 27. h4 ({Don't take} 27. Nxb6 $6 h4 $11) 27... Nc8 {[#]} 28. f4 $1 {[%cal Rf4f5] Strongly threatening f5.} exf4 (28... gxf3 $142 29. Qxf3 Rh8) 29. Rxf4 $18 Bh6 30. Rf2 Rdf8 31. Rbf1 Bg7 (31... Kh8 {was worth a try.} 32. Ne3 Ne7) 32. Ne3 Bh6 33. Nef5 Bg7 34. Qe3 Bh8 35. Ne2 Bxf5 36. exf5 Qh6 (36... Qg8 {keeps fighting.} 37. Qe6 Rc7) 37. Qxh6+ Kxh6 38. Ng3 Re8 39. Bd2+ Kh7 40. Nxh5 Nd6 41. Kg3 Bg7 42. Kxg4 Bh6 {and the idea ...Bxd2 leaves Black hopeful.} 43. Bc3 Bg7 44. g3 Re3 45. Bd2 Re5 46. Kh3 b5 47. g4 c4 48. bxc4 bxc4 49. Bc3 Re3+ 50. Rf3 Re2 51. R1f2 cxd3 52. cxd3 Rxf2 53. Rxf2 Re7 54. Bxf6 Re3+ 55. Kg2 Bxf6 56. Nxf6+ {[%mdl 4096] Endgame KRN-KRN} Kg7 57. Nh5+ Kf7 58. Rf3 Re2+ 59. Kg3 Ra2 60. g5 Rxa4 61. g6+ {White mates.} Kf8 62. f6 Ra1 63. Kh2 Ra4 64. Kh3 Rd4 65. f7 {Accuracy: White = 72%, Black = 28%.} 1-0

[Event "19th Prague Open-A 2020"]
[Site "Prague"]
[Date "2020.01.13"]
[Round "5.7"]
[White "Kristiansen, Willy M"]
[Black "Lalic, Bogdan"]
[Result "0-1"]
[WhiteElo "2137"]
[BlackElo "2402"]
[Annotator "TA"]
[PlyCount "54"]
[EventDate "2020.01.10"]
[EventType "swiss"]
[EventCountry "CZE"]
[SourceTitle "playchess.com"]
[Source "ChessBase"]
[SourceQuality "1"]

{[%evp 18,54,18,0,41,0,30,18,18,18,22,17,50,16,10,-8,-10,-19,-19,-22,-29,-116,-126,-131,-139,-128,-128,-244,-247,-523,-520,-608,-599,-975,-851,-1012,-924,-1310,-1232]} 1. d4 Nf6 2. c4 e6 3. g3 c5 4. d5 exd5 5. cxd5 d6 6. Nc3 g6 7. Bg2 Bg7 8. Nf3 O-O 9. O-O Re8 10. Bf4 h6 {A62: Modern Benoni: Fianchetto Variation without early ...Nbd7} 11. a4 $146 ({Predecessor:} 11. Qc1 g5 12. Bd2 Bf5 13. h4 g4 14. Ne1 Kh7 15. Nc2 Nbd7 16. Ne3 Bg6 17. h5 Nxh5 18. Nxg4 {0-1 (29) Gleizerov,E (2498)-Navara,D (2734) Riga 2019}) 11... g5 12. Bd2 Bf5 {The position is equal.} 13. h4 g4 14. Nh2 Nbd7 15. Re1 (15. e4 $5 Bxe4 16. Nxe4 Nxe4 17. Nxg4 $14) 15... Ne5 16. e4 Bg6 17. Bf4 h5 18. Bxe5 Rxe5 19. f4 {[#]} (19. Nf1 $11 {keeps the balance.}) 19... gxf3 $1 $17 20. Nxf3 Rxe4 21. Nxe4 Nxe4 {[%mdl 64] Discovered Attack} 22. Ne5 (22. Rxe4 $17 Bxe4 23. Nd2) 22... Nxg3 $19 ({Weaker is} 22... Bxe5 23. Bxe4 Bxg3 24. Bxg6 $17) 23. Nxg6 $2 (23. Nf3) 23... fxg6 {Black is clearly winning.} 24. Ra3 Qxh4 25. Bf3 Rf8 {...Bd4+ is the strong threat.} 26. Kg2 Qg5 {[#] Threatens to win with ...Ne4+.} 27. Kh3 Rf4 {Accuracy: White =  7%, Black = 70%.} 0-1

[Event "19th Prague Open-A 2020"]
[Site "Prague"]
[Date "2020.01.13"]
[Round "5.8"]
[White "Peng, Hongchi"]
[Black "Balinski, Damian"]
[Result "1-0"]
[WhiteElo "2362"]
[BlackElo "2139"]
[Annotator "TA"]
[PlyCount "57"]
[EventDate "2020.01.10"]
[EventType "swiss"]
[EventCountry "CZE"]
[SourceTitle "playchess.com"]
[Source "ChessBase"]
[SourceQuality "1"]

{[%evp 21,57,22,42,37,37,29,33,27,45,60,62,40,54,50,65,60,70,61,163,153,148,140,179,123,220,219,217,219,375,229,272,223,401,233,2325,2250,29992,29993]} 1. e4 d6 2. d4 Nf6 3. Nc3 g6 4. f4 Bg7 5. Bd3 O-O 6. Nf3 Nc6 7. e5 dxe5 8. dxe5 Nd5 9. Nxd5 Qxd5 10. Qe2 Bg4 11. Be4 Qa5+ 12. Bd2 {B09: Pirc Defence: Austrian Attack} Qb6 13. O-O-O (13. Bc3 Rad8 14. h3 Bxf3 15. Qxf3 Nd4 16. Qg3 f6 17. Bd3 fxe5 18. O-O-O exf4 19. Qg4 Qc5 {0-1 (31) Firouzja,A (2723)-Duda,J (2758) Moscow 2019}) 13... Nd4 14. Qe1 {[#] White is slightly better.} a5 $146 ({Predecessor:} 14... Nxf3 15. gxf3 Be6 16. h4 f5 17. exf6 Bxf6 18. Bc3 Rad8 19. Rxd8 Rxd8 20. Bxf6 exf6 {½-½ (33) Peng,H (2347)-Karthik,V (2505) Qinhuangdao 2019}) 15. Be3 c5 16. Qf2 {[%cal Re3d4]} Rad8 17. c3 $36 {[%mdl 2048] White is pushing.} Nxf3 18. gxf3 Be6 19. Bxc5 Qb5 (19... Rxd1+ $14 20. Rxd1 Qc7) 20. Bxe7 $18 Rxd1+ 21. Rxd1 Rc8 22. Bb1 (22. a3 $18) 22... Qe8 (22... Bh6 $16) 23. Bf6 Bxf6 24. exf6 Qb5 $2 {[#]} (24... a4 25. f5 Bc4) 25. Qd4 h5 26. Re1 Qc4 $2 (26... Qd7 27. Qxd7 Bxd7) 27. Qe3 (27. Qd2 $142 {Threatens to win with f5!} Qd5 28. Qg2) 27... Rc5 $2 {[#]} (27... Qc5 28. Qe5 Qxe5 29. Rxe5 b6) 28. f5 $1 Bxf5 29. Qh6 {Accuracy: White = 63%, Black = 16%.} 1-0

[Event "19th Prague Open-A 2020"]
[Site "Prague"]
[Date "2020.01.13"]
[Round "5.9"]
[White "Malovanyi, Yulian"]
[Black "Kvaloy, Aksel Bu"]
[Result "1/2-1/2"]
[WhiteElo "2360"]
[BlackElo "2132"]
[Annotator "TA"]
[PlyCount "104"]
[EventDate "2020.01.10"]
[EventType "swiss"]
[EventCountry "CZE"]
[SourceTitle "playchess.com"]
[Source "ChessBase"]
[SourceQuality "1"]

{[%evp 11,104,7,19,-6,21,-16,-19,-7,-15,-17,0,-11,2,10,23,17,28,31,31,31,28,0,0,-18,-10,-24,-23,-42,-31,-32,-31,-46,-55,-45,-53,-71,-60,-62,-74,-88,-73,-59,0,0,0,0,0,0,0,0,0,0,0,0,0,0,0,-8,-8,-59,0,-89,-89,-125,-125,-125,-125,-150,-150,-150,-150,-150,-150,-150,-149,-143,-141,-139,-125,-125,-125,-125,-89,-125,-125,-141,-51,-106,-106,-106,-106,-98,-98,-98,0]} 1. e4 c5 2. Nc3 d6 3. Nge2 Nc6 4. g3 g6 5. Bg2 Bg7 6. O-O Rb8 7. a4 {B24: Closed Sicilian: 3 g3 sidelines} a6 (7... e5 8. f4 Nge7 9. d3 O-O 10. Be3 Be6 11. fxe5 Nxe5 12. h3 Qd7 13. Nf4 N5c6 14. Kh2 {0-1 (39) Kowalczyk,P (2387)-Heberla,B (2555) Bialystok 2017}) 8. f4 e6 9. d3 {The position is equal.} Nge7 10. Be3 Nd4 11. Bf2 Nec6 12. Nxd4 Nxd4 13. Nb1 $146 {[%cal Bc3b1,Bb1d2,Bd2c4][%mdl 32]} ({Predecessor:} 13. Qd2 O-O 14. Nd1 f5 15. Ne3 b6 16. Ra3 {0-1 (47) Valenta,V (2040)-Bukojemski,A (2235) Olomouc 2016}) 13... O-O 14. c3 Nc6 15. Nd2 b6 16. e5 Bb7 17. exd6 Qxd6 18. Nc4 Qc7 19. Qc2 Ne7 20. Bxb7 Rxb7 21. a5 b5 22. Nd2 Qc8 23. Ne4 {[#] And now Nd6 would win.} Rc7 24. Rfd1 Rd8 25. Rd2 Nf5 26. Rad1 Nd6 (26... h5 $15) 27. Nxd6 $1 $11 Rxd6 28. d4 cxd4 29. Bxd4 Bxd4+ 30. Rxd4 Rxd4 31. Rxd4 {[%mdl 4096] Endgame KQR-KQR} Rd7 32. Qf2 Qd8 33. Rxd7 Qxd7 {KQ-KQ} 34. h4 Qd1+ 35. Kh2 (35. Qf1 $1 $11 Qb3 36. Qb1) 35... h5 (35... Qa1 $15) 36. Kg2 (36. b4 $11) 36... Qa1 $17 37. Qd2 Qxa5 38. b4 Qc7 39. Kh2 a5 40. bxa5 Qxa5 41. Kg1 Qa7+ 42. Kh2 Qc5 43. Qd8+ Kg7 44. Qd2 Qb6 45. Qb2 Kh7 46. Qd2 Qc5 47. Qe1 Kg8 48. Qd2 e5 (48... Kg7 $17 49. Qe1 Kf6) 49. fxe5 (49. f5 $1 $15) 49... Qxe5 {Black is better.} 50. Qd8+ Kh7 51. Qd2 Kg7 52. Kg2 Kh7 {Accuracy: White = 38%, Black = 54%.} ({Black should try} 52... Qe4+ $17 53. Kf2 Qf5+ 54. Ke3 Qc5+ 55. Kf3 Qc4) 1/2-1/2

[Event "19th Prague Open-A 2020"]
[Site "Prague"]
[Date "2020.01.13"]
[Round "5.10"]
[White "Vignesh B"]
[Black "Mis, Mieszko"]
[Result "1-0"]
[WhiteElo "1912"]
[BlackElo "2349"]
[Annotator "TA"]
[PlyCount "89"]
[EventDate "2020.01.10"]
[EventType "swiss"]
[EventCountry "CZE"]
[SourceTitle "playchess.com"]
[Source "ChessBase"]
[SourceQuality "1"]

{[%evp 23,107,27,36,31,54,38,50,51,55,56,38,37,141,156,149,143,143,136,143,141,127,103,152,144,147,147,144,128,149,140,122,123,144,151,152,151,150,127,188,219,211,181,208,212,230,209,224,220,197,198,421,424,348,199,222,138,1353,1498,1550,1565,1523,1369,5169,4421,1786,1562,29960,29962,29960,29960,29958,29958,6111,6111,6101,6087,29966,29966,29968,29968,29968,29968,29980,29979,29973,5708]} 1. e4 c5 2. Nf3 e6 3. d4 cxd4 4. Nxd4 Nc6 5. Nc3 Qc7 6. Be2 a6 7. Be3 Nf6 8. O-O Be7 9. f4 d6 10. a4 O-O 11. Kh1 Bd7 12. Nb3 Nb4 13. a5 {B85: Sicilian Scheveningen: 6 Be2 a6, lines with early Be3} d5 (13... Rac8 14. Bf3 Bc6 15. Nd4 d5 16. Nxc6 Qxc6 17. exd5 exd5 18. Bb6 Bd8 19. Bd4 Ne4 20. Ra3 f5 21. g4 Qh6 22. Kg2 fxg4 23. Bxg4 {1-0 (38) Darini,P (2492)-Mousavi,S (2480) Ahvaz 2018}) 14. Bb6 Qc8 15. e5 {White is slightly better.} Ne4 16. Nxe4 dxe4 17. c4 Qe8 $146 (17... f6 $14) ({Predecessor:} 17... Re8 18. Qd2 Bc6 19. Rfd1 g6 {1-0 (51) Somborski,N (2352)-Kostic,B (2306) Banja Junakovic 2007}) 18. Nc5 $1 $16 {[%cal Rc5d7]} Bc6 19. Qb3 Nd3 20. Nxd3 exd3 21. Qxd3 Bd8 22. Bg1 Bc7 23. Bf3 Rd8 24. Qa3 {aiming for Bc5.} f6 25. Bc5 Rf7 26. Bd6 Bxf3 27. Rxf3 fxe5 28. fxe5 Rdd7 29. Raf1 Rxf3 30. Qxf3 {White wants to mate with Qf8+.} Bxd6 (30... g6 $16 {was called for.}) 31. exd6 $18 Rxd6 32. Qxb7 $16 {[%mdl 4096] Endgame KQR-KQR} e5 33. c5 Rc6 34. Qb3+ $40 {[%mdl 128] White has strong attack.} Qe6 35. Qxe6+ Rxe6 $18 {KR-KR} 36. Kg1 Re8 $2 (36... Re7 37. Rf5 h6) 37. Rd1 Rb8 38. c6 (38. Rd7 $142 {Black must now prevent c6.} h5 39. c6) 38... Rc8 39. Rc1 {b4 is the strong threat.} Rc7 $2 {[%mdl 8192]} (39... Kf7 $16) 40. b4 $1 {[%cal Bb2b4,Bb4b5][%mdl 32]} Kf7 {[#]} 41. b5 $1 {[%mdl 512]} axb5 {[#]} 42. a6 $1 {[%cal Ra6a7]} Ke6 {[#]} 43. a7 $1 {[%cal Ra7a8][%mdl 512]} Rc8 (43... Rxa7 44. c7) 44. c7 b4 {[#]} 45. Rb1 {Played: a7-a8Q} 1-0

[Event "19th Prague Open-A 2020"]
[Site "Prague"]
[Date "2020.01.13"]
[Round "5.11"]
[White "Priehoda, Vitezslav"]
[Black "Hajiyev, Kanan"]
[Result "1/2-1/2"]
[WhiteElo "2341"]
[BlackElo "1996"]
[Annotator "TA"]
[PlyCount "59"]
[EventDate "2020.01.10"]
[EventType "swiss"]
[EventCountry "CZE"]
[SourceTitle "playchess.com"]
[Source "ChessBase"]
[SourceQuality "1"]

{[%evp 17,59,25,59,57,68,14,14,17,18,14,22,16,29,0,0,0,0,0,0,-5,-5,-18,-25,-17,-17,-17,-17,-21,-18,-57,-41,-32,3,0,0,-26,0,-487,8,0,0,7,28,0]} 1. d4 d5 2. c4 c6 3. Nf3 Nf6 4. Nc3 g6 5. cxd5 cxd5 6. Bf4 Bg7 7. e3 O-O 8. Bd3 Nc6 9. h3 Qb6 10. a3 {D90: Grünfeld: 4 Nf3 Bg7 sidelines} Bf5 11. O-O (11. Bxf5 $14 gxf5 12. Qe2) 11... Bxd3 $11 12. Qxd3 {The position is equal.} Rfc8 13. b4 {[%cal Bb2b4,Bb4b5][%mdl 32]} e6 $146 ({Predecessor:} 13... Qd8 14. Rac1 e6 15. Nd2 Ne8 16. Qb5 b6 17. Qa6 e5 18. dxe5 {1-0 (54) Nabaty,T (2636)-Mammadov,Z (2422) Ordu 2017}) 14. Rfc1 Qd8 15. Nd2 Nd7 16. Nb3 Nb6 17. b5 Ne7 {[%cal Bc6e7,Be7f5,Bf5d4,Bd4e2][%mdl 32]} 18. Nc5 e5 $1 {[%cal Re5f4]} 19. Bh2 exd4 20. exd4 Nf5 21. Nxb7 Qe7 $36 {[%mdl 2048] Black is pushing.} 22. Na5 Nxd4 {Hoping for ...Rxc3!} 23. Kh1 Rxc3 {[%mdl 64] [#] Decoy} 24. Qxc3 Ne2 {[%mdl 64] Pin} 25. Qe1 Re8 26. Nc6 Qd7 (26... Qe6 $5 {[%cal Rg7a1]} 27. Qa5 Bxa1 28. Rxa1 Nc4 29. Qxa7 Qf6 $11) 27. Rc2 $2 {[%mdl 8192] [#]} (27. Qb4 $11 {and White has nothing to worry.}) 27... Bxa1 $2 ({Black should try} 27... Nd4 $19 28. Nxd4 Rxe1+ 29. Rxe1 Bxd4) 28. Rxe2 Rxe2 29. Qxe2 Bf6 30. Qd3 {Accuracy: White = 41%, Black = 59%.} 1/2-1/2

[Event "19th Prague Open-A 2020"]
[Site "Prague"]
[Date "2020.01.13"]
[Round "5.12"]
[White "Pushkov, Nikolai"]
[Black "Domogaev, Sergey"]
[Result "1/2-1/2"]
[WhiteElo "2239"]
[BlackElo "2334"]
[Annotator "TA"]
[PlyCount "38"]
[EventDate "2020.01.10"]
[EventType "swiss"]
[EventCountry "CZE"]
[SourceTitle "playchess.com"]
[Source "ChessBase"]
[SourceQuality "1"]

{[%evp 21,22,5,35]} 1. Nf3 Nf6 2. c4 e6 3. d4 d5 4. Nc3 Be7 5. Bg5 Nbd7 6. e3 h6 7. Bh4 O-O 8. cxd5 Nxd5 9. Bxe7 Qxe7 10. Nxd5 exd5 11. Bd3 c5 {Predecessor:} 12. dxc5 $146 Nxc5 13. O-O Bg4 14. Be2 Rfd8 15. Nd4 Bxe2 16. Qxe2 Rac8 17. Rfd1 Ne6 18. Nxe6 fxe6 19. Rac1 a6 {0-1 (62) Assaubayeva,B (2372)-Murashova,E (2259) St Petersburg 2018} 1/2-1/2

[Event "19th Prague Open-A 2020"]
[Site "Prague"]
[Date "2020.01.13"]
[Round "5.13"]
[White "Ludvik, Tomas"]
[Black "Wang, Yukun"]
[Result "0-1"]
[WhiteElo "2272"]
[BlackElo "1990"]
[Annotator "TA"]
[PlyCount "108"]
[EventDate "2020.01.10"]
[EventType "swiss"]
[EventCountry "CZE"]
[SourceTitle "playchess.com"]
[Source "ChessBase"]
[SourceQuality "1"]

{[%evp 26,146,-14,-21,0,0,0,0,11,0,0,0,0,0,0,0,8,0,6,4,8,3,3,8,4,3,15,7,24,11,23,0,26,22,25,19,22,21,61,30,60,16,18,0,0,-8,-11,-12,-13,-14,63,0,75,-16,-20,-204,-196,-205,-209,-201,-91,-348,-332,-343,-339,-364,-280,-301,-317,-347,-234,-245,-221,-220,-170,-219,-235,-233,-230,-293,-294,-429,-429,-424,-291,-698,-698,-770,-765,-29961,-29969,-29971,-29972,-29961,-1100,-804,-646,-581,-104,-104,-105,-12813,-5972,-5097,-2417,-29981,-29982,-29982,-29983,-29983,-29983,-29979,-29980,-29990,-29991,-29992,-29992,-29993,-29992,-29992,-29993,-29996,-29997]} 1. d4 d5 2. c4 c6 3. Nf3 Nf6 4. Nc3 e6 5. e3 Nbd7 6. Qc2 Bd6 7. Bd3 dxc4 8. Bxc4 O-O 9. O-O Qe7 10. Rd1 e5 11. h3 e4 12. Ng5 Nb6 13. Bb3 Bf5 14. f3 $1 {[%cal Rg5e4]} Rae8 {D46: Semi-Slav: 5 e3 Nbd7 6 Bd3, Black avoids the Meran} (14... Nbd5 {is interesting.} 15. Ncxe4 Nxe4 16. Nxe4 Rae8 17. Rf1 Bxe4 18. fxe4 Qxe4 19. Qxe4 Rxe4 20. Rf3 f5) 15. Ngxe4 Nxe4 16. fxe4 Bxe4 {The position is equal.} 17. Nxe4 Qxe4 18. Qxe4 Rxe4 19. Bc2 {[#]} Re6 $146 ({Predecessor:} 19... Re7 20. e4 Rfe8 21. a4 Rxe4 22. Bxe4 Rxe4 {1-0 (66) Onischuk,A (2670)-Adly,A (2591) Bursa 2010}) 20. e4 Rd8 21. e5 Be7 22. Be3 g6 23. Bb3 Nd5 24. Bf2 f6 25. Re1 Bb4 26. Re4 Rd7 27. Rd1 Ba5 28. Bh4 {With the idea Bxf6.} f5 29. Re2 Bb6 30. Kh1 Kg7 31. Bf6+ Kf7 32. Bg5 Bd8 33. Bxd8 (33. Bc1 {is more complex.} Bb6 34. g4 a6 35. Kg2 Kg7 36. Rf2) 33... Rxd8 34. Rf1 Kg7 35. Ref2 Re7 36. g4 fxg4 37. hxg4 Rdd7 (37... g5 $11) 38. Rf3 (38. g5 $14) 38... g5 {[#]} (38... a5 $11) 39. Rf5 (39. Rf8 $1 $16) 39... h6 $11 40. R1f3 $2 (40. R1f2 $11 {and White is okay.}) 40... Nf4 $19 41. Re3 {intending Re4.} Rxd4 42. e6 Ng6 (42... Rd3 $19 43. Rxd3 Nxd3) 43. Rf7+ $2 {[%mdl 8192]} (43. Ref3 $17 {was the only defense.} Nf4 44. Re3) 43... Rxf7 44. exf7 Rxg4 {[%mdl 4096] Endgame KRB-KRN} 45. a3 a5 {[%cal Ba7a5,Ba5a4][%mdl 32]} 46. Re8 {Hoping for Rg8+.} Nf8 47. Rb8 b5 48. Rb6 Re4 49. Rxc6 Re2 50. Rb6 {[#]} a4 $1 {[%cal Ra4b3]} 51. Bd5 Rxb2 52. Bc4 Rc2 ({Stronger than} 52... bxc4 53. Rxb2 Ng6 54. Rb7 $16) 53. Bxb5 (53. Bd5 {is a better defense.}) 53... Rb2 54. Rb7 {[#]} Ne6 {Played: Nf8-d7} 0-1